000 01146nam a2200433 a 4500
003 AR-BaBNM
005 20251128205700.0
008 082120s2002 ||||||||||||||000 | spa||
020 _a84-376-1467-8
040 _cAR-BaBNM
100 1 _aNouschi, Marc
245 0 0 _aHistoria del siglo XX
_btodos los mundos, el mundo
260 _aMadrid
_bEdiciones Cátedra
_c1996
300 _a547 p.
_btablas, gráfs., mapas
500 _aContiene un cuadro sinóptico con las principales fechas y hechos del siglo p. 533-547
650 4 _aIDEOLOGIAS
650 4 _aHISTORIA DE LAS CIENCIAS
650 4 _aRELIGION
650 4 _aHISTORIA EUROPEA
650 4 _aSOCIEDAD
650 4 _aCULTURA
650 4 _aREVOLUCION
650 4 _aTRABAJO
650 4 _aINDUSTRIA
650 4 _aCOMERCIO
650 4 _aNACIONALISMO
650 4 _aECONOMIA
650 4 _aCIENCIAS POLITICAS
650 4 _aCULTURA
650 4 _aCAMBIO SOCIAL
650 4 _aREFORMA
650 4 _aEXPANSION
650 4 _aRELIGION
650 4 _aMONARQUIA
650 4 _aIMPERIALISMO
700 1 _aMartorell, Alicia
_etraductor
942 _cBK
998 _cMariana
999 _c12383
_d12383